| 000 | 00531nam a2200133Ia 4500 | ||
|---|---|---|---|
| 008 | 200928s9999 xx 000 0 und d | ||
| 020 | _a978-621-406-167-9 | ||
| 100 | _aMaranan, Jovid Maricar D. | ||
| 245 |
_cJovid Maricar D. Maranan, Mario Maranan, Cristina O. Nazareno-Caluza.-- _aRisk Management for tourism and hospitality management / |
||
| 260 |
_aManila : _bMindshapers Co., In. _c2018 |
||
| 300 |
_aviii , 148 pages : _billustrations ; _c25 cm. |
||
| 650 | _aHospital industry -- management | ||
| 650 | _aTourism -- management | ||
| 999 |
_c364530 _d364530 |
||